000 01926nam0a2200421 i 4500
001 RU\NLR\bibl\1987368
005 20260406110312.0
010 _a9785459017731
_92000
021 _aRU
_b2012-98932
_97302
035 _a(NLR Aleph) 001975958
090 _a4021935
_c4021935
100 _a20130116d2013 u y0rusy50 ca
101 0 _arus
102 _aRU
105 _aa |||||||||
200 1 _aГуру
_eкак стать признанным экспертом
_fА. Парабеллум, Н. Мрочковский, С. Бернадский
210 _aСанкт-Петербург [и др.]
_cПитер
_d2013
215 _a184,[1] с.
_cил.
_d22
320 _aБиблиогр.: с. 175
325 _aКопия доступна в Электрон. б-ке РНБ http://vivaldi.nlr.ru/bx000030870/view
517 0 _aКак стать признанным экспертом
606 _aУспех
_xСоциально-психологические исследования
_92074287
_3RU\NLR\auth\661249276
606 1 _aКарьера служебная
_91054565
_3RU\NLR\auth\66408237
686 _aС550.354
686 _aС550.445
700 1 _4070
_7ca
_8rus
_aПарабеллум
_bА. А.
_gАндрей Алексеевич
_991451
_3RU\NLR\auth\77108526
701 1 _aМрочковский
_bН. С.
_gНиколай Сергеевич
_4070
701 1 _aБернадский
_bС.
_4070
801 0 _aRU
_bNLR
_c20130116
_gRCR
801 1 _aRU
_bNLR
_c20130116
830 _aавт7 по эк
942 _cBOOK
980 _aNBR
981 1 3 _a(13) Документы, защищенные авторским правом
_b(13) Современная научная, научно-популярная и популярная литература